| 000 | 01179nam a22002535i 4500 | ||
|---|---|---|---|
| 001 | 176526 | ||
| 003 | ES-MaACL | ||
| 005 | 20250122063028.0 | ||
| 008 | 110120s1940 sp a |||| | spa d | ||
| 080 | _a821.134.2-22"19" | ||
| 100 | 1 |
_aTomás, Mariano, _9239478 _d1891-1957 |
|
| 245 | 1 | 0 |
_aGarcilaso de la Vega _b: comedia dramática original y en verso, en tres actos y cinco cuadros, con una canción del maestro Aurelio González / _cMariano Tomás. |
| 260 |
_aMadrid : _b[s. n., _c1940?] |
||
| 300 |
_a74 p. ; _c17 cm. |
||
| 490 | 1 |
_aBiblioteca teatral ; _v3 |
|
| 500 | _aAnteportada ilustrada. | ||
| 500 | _aEn port. : Estrenada en el Teatro Principal de San Sebastián el día 22 de Enero de 1939, interpretando el papel de protagonista el eminente actor Rafael Rivelles, y estrenada en el Teatro Español de Madrid el día 23 de Diciembre de 1940, interpretando el papel de protagonista el gran poeta Manuel de Góngora. | ||
| 500 | _aEncuadernado con otros títulos. | ||
| 597 | _aEn el lomo: 2-15. | ||
| 830 | 0 |
_aBiblioteca teatral ; _v3 _9190120 |
|
| 852 |
_aES-MaACL _jE-14121 (3) _xOlim P-302 |
||
| 942 | _2udc | ||
| 999 |
_c176526 _d176526 |
||